International business : (Record no. 16453)
[ view plain ]
| 000 -LEADER | |
|---|---|
| fixed length control field | 01362nam a22003255a 4500 |
| 008 - FIXED-LENGTH DATA ELEMENTS--GENERAL INFORMATION | |
| fixed length control field | 090106s2012enk a frb0 1 0 1ng d |
| 020 ## - INTERNATIONAL STANDARD BOOK NUMBER | |
| International Standard Book Number | 027375257X |
| 020 ## - INTERNATIONAL STANDARD BOOK NUMBER | |
| International Standard Book Number | 9780273752578 |
| 040 ## - CATALOGING SOURCE | |
| Original cataloging agency | EG-ScBUE |
| Language of cataloging | eng |
| Transcribing agency | EG-ScBUE |
| 082 04 - DEWEY DECIMAL CLASSIFICATION NUMBER | |
| Classification number | 658.049 |
| Item number | WIL |
| Edition number | 22 |
| 100 1# - MAIN ENTRY--PERSONAL NAME | |
| Personal name | Wild, John J. |
| 9 (RLIN) | 4506 |
| 245 10 - TITLE STATEMENT | |
| Title | International Business : |
| Remainder of title | The Challenges of Globalization / |
| Statement of responsibility, etc | John J. Wild, Kenneth L. Wild, Jerry C.Y. Han. |
| 250 ## - EDITION STATEMENT | |
| Edition statement | 6th ed. |
| Remainder of edition statement | Global Edition |
| 260 ## - PUBLICATION, DISTRIBUTION, ETC. (IMPRINT) | |
| Place of publication, distribution, etc | Harlow : |
| Name of publisher, distributor, etc | Pearson Education Ltd., |
| Date of publication, distribution, etc | c.2012. |
| 300 ## - PHYSICAL DESCRIPTION | |
| Extent | 480 p. : |
| Other physical details | col. ill., maps ; |
| Dimensions | 28 cm. |
| 500 ## - GENERAL NOTE | |
| General note | Glossary : p. 451-458. |
| 500 ## - GENERAL NOTE | |
| General note | Includes indexes. |
| 504 ## - BIBLIOGRAPHY, ETC. NOTE | |
| Bibliography, etc | Includes bibliographical references : p. 459-466. |
| 505 0# - FORMATTED CONTENTS NOTE | |
| Formatted contents note | Global business environments -- National Business Environments -- International trade and investment --The international financial system --International business management . |
| 590 ## - LOCAL NOTE (RLIN) | |
| Local note | Menna elemam |
| 541 ## - IMMEDIATE SOURCE OF ACQUISITION NOTE | |
| Source of acquisition | Bacca ; |
| 650 #0 - SUBJECT ADDED ENTRY--TOPICAL TERM | |
| Topical term or geographic name as entry element | International business enterprises |
| General subdivision | Management. |
| 9 (RLIN) | 4507 |
| Source of heading or term | BUEsh |
| 650 #0 - SUBJECT ADDED ENTRY--TOPICAL TERM | |
| Topical term or geographic name as entry element | International trade. |
| 9 (RLIN) | 4508 |
| Source of heading or term | BUEsh |
| 651 ## - SUBJECT ADDED ENTRY--GEOGRAPHIC NAME | |
| Source of heading or term | BUEsh |
| 653 ## - INDEX TERM--UNCONTROLLED | |
| Resource For college | BAEPS, Business Administration |
| Arrived date list | August2015 |
| 700 1# - ADDED ENTRY--PERSONAL NAME | |
| Personal name | Wild, Kenneth L. |
| 9 (RLIN) | 4509 |
| 700 1# - ADDED ENTRY--PERSONAL NAME | |
| Personal name | Han, Jerry C. Y. |
| 9 (RLIN) | 4510 |
| 856 41 - ELECTRONIC LOCATION AND ACCESS | |
| Materials specified | Table of contents only |
| Uniform Resource Identifier | <a href="http://www.loc.gov/catdir/toc/ecip074/2006037228.html">http://www.loc.gov/catdir/toc/ecip074/2006037228.html</a> |
| 942 ## - ADDED ENTRY ELEMENTS (KOHA) | |
| Item type | Book - Borrowing |
| Call number prefix | 658.049 WIL |
| Source of classification or shelving scheme | Dewey Decimal Classification |
| Withdrawn status | Item status | Source of classification or shelving scheme | Damaged status | Not for loan | Vendor | Home library | Current library | Shelving location | Date acquired | Source of acquisition | Cost, normal purchase price | Total Checkouts | Full call number | Barcode | Date last seen | Date last borrowed | Cost, replacement price | Koha item type | Total Renewals | Materials specified (bound volume or other part) | Checked out |
|---|---|---|---|---|---|---|---|---|---|---|---|---|---|---|---|---|---|---|---|---|---|
| Dewey Decimal Classification | Baccah | Central Library | Central Library | First floor | 13/02/2012 | 180.00 | 1 | 658.049 WIL | 000026095 | 15/07/2025 | 06/11/2013 | 225.00 | NB - Book (Non borrowing) | ||||||||
| Dewey Decimal Classification | Baccah | Central Library | Central Library | First floor | 13/02/2012 | 180.00 | 12 | 658.049 WIL | 000026096 | 15/07/2025 | 16/12/2018 | 225.00 | Book - Borrowing | 17 | |||||||
| Lost | Dewey Decimal Classification | Baccah | Central Library | Central Library | First floor | 13/02/2012 | 180.00 | 1 | 658.049 WIL | 000026097 | 13/03/2012 | 14/02/2012 | 225.00 | Book - Borrowing | 6 | Lost In Inventory_2005-2015/8/22 | |||||
| Dewey Decimal Classification | Baccah | Central Library | Central Library | First floor | 13/02/2012 | 180.00 | 8 | 658.049 WIL | 000026098 | 15/07/2025 | 09/10/2016 | 225.00 | Book - Borrowing | 52 | |||||||
| Dewey Decimal Classification | Baccah | Central Library | Central Library | First floor | 13/02/2012 | 180.00 | 9 | 658.049 WIL | 000026099 | 15/07/2025 | 18/12/2018 | 225.00 | Book - Borrowing | 18 | |||||||
| Dewey Decimal Classification | Baccah | Central Library | Central Library | First floor | 13/02/2012 | 180.00 | 4 | 658.049 WIL | 000026100 | 15/07/2025 | 21/11/2017 | 225.00 | Book - Borrowing | 12 | |||||||
| Dewey Decimal Classification | Baccah | Central Library | Central Library | First floor | 13/02/2012 | 180.00 | 9 | 658.049 WIL | 000026101 | 15/07/2025 | 26/09/2018 | 225.00 | Book - Borrowing | 34 | |||||||
| Dewey Decimal Classification | Baccah | Central Library | Central Library | First floor | 13/02/2012 | 180.00 | 2 | 658.049 WIL | 000026102 | 10/07/2013 | 10/07/2013 | 225.00 | Book - Borrowing | 16 | 12/01/2015 | ||||||
| Dewey Decimal Classification | Baccah | Central Library | Central Library | First floor | 13/02/2012 | 180.00 | 9 | 658.049 WIL | 000026103 | 15/07/2025 | 14/12/2021 | 225.00 | Book - Borrowing | 32 | |||||||
| Dewey Decimal Classification | Baccah | Central Library | Central Library | First floor | 13/02/2012 | 180.00 | 9 | 658.049 WIL | 000026104 | 15/07/2025 | 03/07/2021 | 225.00 | Book - Borrowing | 35 | |||||||
| Dewey Decimal Classification | Central Library | Central Library | First floor | 21/06/2018 | 658.049 WIL | 000047828 | 15/07/2025 | Book - Borrowing |